000 00619nam a22001815i 4500
001 165745
003 ES-MaACL
005 20240524063009.0
008 050905s1885 fr | |||||||| ||fre d
040 _aCAM
_bspa
_cCAM
100 0 _aStendhal,
_d1783-1842
_9108086
245 1 3 _aLa Chartreuse de Parme /
_cpar Stendhal (Henry Beyle).
250 _aNouvelle éd. entier. rev. et corr.
260 _aParis :
_bCalmann Lévy :
_bAncienne Maison Michel Lévy,
_c1885 (
_fImp. de la Soc. de Typ.)
300 _a450 p. ;
_c18 cm.
852 _aES-MaACL
_jB-3213(1)
_z-- Enc. hol.
999 _c165745
_d165745